| 000 | 00404nam a2200181Ia 4500 | ||
|---|---|---|---|
| 001 | 19723 | ||
| 005 | 20260306172714.0 | ||
| 008 | 260306t2008||||xx |||||||||||||| ||spa|| | ||
| 041 | _aESP | ||
| 082 |
_a341 _bM12A |
||
| 100 |
_aMacCormick, Neil _eAUT |
||
| 245 | 0 | _aH.L.A. Hart | |
| 260 | _c2008 | ||
| 300 |
_a316 páginas : _c23 cm. |
||
| 650 | _aGEN | ||
| 654 | _aCDE | ||
| 942 |
_cLIB _dJUS _fJUS _2ddc _n |
||
| 999 |
_c19723 _d19723 |
||